The sceptical anthropologist? : social anthropology and marxist views on society

Αποθηκεύτηκε σε:
Λεπτομέρειες βιβλιογραφικής εγγραφής
Κύριος συγγραφέας: Firth, Raymond William 1901-
Συγγραφή απο Οργανισμό/Αρχή: British Academy
Μορφή: Βιβλίο
Γλώσσα:English
Δημοσίευση: London : Oxford University Press, 1972
Σειρά:Radcliffe-Brown lecture in social anthropology
Θέματα:
Ετικέτες: Προσθήκη ετικέτας
Δεν υπάρχουν, Καταχωρήστε ετικέτα πρώτοι!

MARC

LEADER 00000cam a2200000 i 4500
001 1/13179
008 980210s1972 eng d
020 |a 0-19-725683-X 
035 |l 10018937 
040 |a GR-MY-UA  |b gre  |e aacr 
041 0 |a eng 
082 0 |a 306 
100 1 |a Firth, Raymond William  |d 1901- 
245 1 4 |a The sceptical anthropologist? :  |b social anthropology and marxist views on society /  |c Raymond Firth 
260 |a London :   |b Oxford University Press,   |c 1972 
300 |a 39 p;  |c 25 cm 
490 1 |a Radcliffe-Brown lecture in social anthropology 
500 |a "From the Proceedings of the British Academy", v. 58 
504 |a Includes bibliographical references 
600 1 0 |a Marx, Karl,   |d 1818-1883. 
650 0 0 |a Ethnology. 
710 2 |a British Academy. 
830 0 |a Radcliffe-Brown lecture in social anthropology 
852 |a INST  |b LESVOS  |e 19980210  |h 306 FIR  |p 005100015226  |q 005100015226  |t BK  |y 0 
909 |a Λ  |b 034372